Normal view
MARC view
Entry Topical Term
001 - CONTROL NUMBER
- control field: 40878
003 - CONTROL NUMBER IDENTIFIER
- control field: OSt
005 - DATE AND TIME OF LATEST TRANSACTION
- control field: 20230927154911.0
008 - FIXED-LENGTH DATA ELEMENTS
- fixed length control field: 230927|| aca||aabn | a|a d
040 ## - CATALOGING SOURCE
- Original cataloging agency: OSt
- Transcribing agency: OSt
150 ## - HEADING--TOPICAL TERM
- Topical term or geographic name entry element: NEP 2020, Challenges, Legality practicality, credulity, Education, Indian construction, Secularism.
670 ## - SOURCE DATA FOUND
- Source citation: Work cat.: (OSt): Murray, Sasha Alfred 40877, A critical analysis of the legality and practicality of new education policy 2020
